KOHA-Header-6

Handbookn Universities of pakistan 1998 (Record no. 6767)

000 -LEADER
fixed length control field 00281nam a2200109Ia 4500
100 ## - MAIN ENTRY--AUTHOR NAME
Personal name UNI GRANTS commission
245 #0 - TITLE STATEMENT
Title Handbookn Universities of pakistan 1998
260 ## - PUBLICATION, DISTRIBUTION, ETC. (IMPRINT)
Place of publication Islamabad
Name of publisher Pearson
Year of publication 1998
300 ## - PHYSICAL DESCRIPTION
Number of Pages 820
942 ## - ADDED ENTRY ELEMENTS (KOHA)
Koha item type Books
Holdings
Withdrawn status Lost status Collection code Permanent Location Current Location Shelving location Date acquired Full call number Accession Number Koha item type
    Dictionaries MAJU MAJU Shelf No.B28 2019-09-11 378.202 204 DICTIONARY

Powered by Koha